000 00742nam a2200289Ia 4500
005 20260324114615.0
008 008 260324s9999 xx 000 0 eng d
020 _a9781003182924
037 _aEBOOK
040 _aCRL
040 _beng
040 _cCRL
041 _2eng
041 _aeng
084 _qCRL
100 _aValeeratana K. Sinsawasdi; Holger Y. Toschka; Nithiya Rattanapanone
_91151453
245 4 _aThe Science of Thai Cuisine
245 0 _bChemical Properties and Sensory Attributes
260 _bTaylor and Francis
260 _c2022
365 _a
365 _b385
856 _uhttp://www.taylorfrancis.com/books/9781003182924
942 _cEBOOK
999 _c1741724
_d1741724